Croissance demographique et integration economique des indiens depuis 1945

Αποθηκεύτηκε σε:
Λεπτομέρειες βιβλιογραφικής εγγραφής
Κύριος συγγραφέας: Singaravelou
Μορφή: Βιβλίο
Γλώσσα:French
Δημοσίευση: Paris : L'Harmattan, c1987
Paris : c1987
Θέματα:
Ετικέτες: Προσθήκη ετικέτας
Δεν υπάρχουν, Καταχωρήστε ετικέτα πρώτοι!

MARC

LEADER 00000cam a2200000 i 4500
001 1/105151
008 950609s1987 fre d
008 950609s1987 fre d
020 |a 2-85802-804-4 
020 |a 2-85802-748-X 
035 |l 10013548 
035 |l 10013546 
040 |a GR-MY-UA  |b gre  |e aacr 
040 |a GR-MY-UA  |b gre  |e aacr 
041 0 |a fre 
041 0 |a fre 
082 0 |a 972.9004914 
082 0 |a 972.9004914 
100 0 |a Singaravelou. 
245 1 0 |a Croissance demographique et integration economique des indiens depuis 1945 /  |c Singaravelou M. 
245 1 4 |a Les Indiens de la Caraibe /  |c Singaravelou M. ; Preface de Guy Lasserre 
260 |a Paris :   |b L'Harmattan,   |c c1987 
260 |a Paris :   |b L'Harmattan,   |c c1987 
300 |a 3 v.;  |b ill.;  |c 24 cm 
300 |a 3 v.;  |b ill.;  |c 24 cm 
504 |a Bibliography: v. 3, p. 279-287 
505 0 |a t. 1. [without special title] -- t. 2. Croissance demographique et integration economique des Indiens depuis 1945 -- t. 3. Tradition et modernite: contribution a la geographie de l'adaptation socio-culturelle 
505 0 |a t. 1. [without special title] -- t. 2. Croissance demographique et integration economique des Indiens depuis 1945 -- t. 3. Tradition et modernite: contribution a la geographie de l'adaptation socio-culturelle 
650 0 0 |a East Indians  |z Caribbean Area. 
774 1 |t Les Indiens de la Caraibe 
774 1 |t Les Indiens de la Caraibe 
909 |a Λ  |b 015285 
909 |a Λ  |b 015284